00649nam a22001937a 4500003000500000005001700005008004100022010001000063011001000073035001000083040000900093100003000102245004800132260007600180300001800256490007800274650002500352830007800377CHAP20220329133746.0971013s1977 r 00010 d a10464 a11436 a10674 cCHAP00aCabrera Acevedo, Gustavo. aDiagnóstico de la migración en México a(México, D. F.) :bComisión del Plan Nacional Hidráulico,c(1977) a46 p.b; mapa aComisión del Plan Nacional Hidráulico. México. Documentaciónv; 214aMigración interna.0 aComisión del Plan Nacional Hidráulico. México. Documentaciónv; 2